000
00303nam a22001337a 4500
008
170530b xxu||||| |||| 00| 0 eng d
020
_a
394402731
041
_a
eng
080
_a
93
100
_a
17
101
_a
SHH
245
_a
THE ASSASSINATION OF ROBERT F.KENNEDY
_c
TURNER, W.W
942
_2
udc
_c
BK
999
_c
15036
_d
15036